Enhancing road infrastructure development through public private partnership in Kenya (Record no. 29172)

MARC details
000 -LEADER
fixed length control field nam a22 7a 4500
003 - CONTROL NUMBER IDENTIFIER
control field PACU
005 - DATE AND TIME OF LATEST TRANSACTION
control field 20170706142838.0
008 - FIXED-LENGTH DATA ELEMENTS--GENERAL INFORMATION
fixed length control field 170706b xxu||||| |||| 00| 0 eng d
040 ## - CATALOGING SOURCE
Language of cataloging eng
Transcribing agency PACU
050 ## - LIBRARY OF CONGRESS CALL NUMBER
Classification number Spec HE 367
Item number .K4O38 2015
100 ## - MAIN ENTRY--PERSONAL NAME
Personal name Oguso, Alex
245 ## - TITLE STATEMENT
Title Enhancing road infrastructure development through public private partnership in Kenya
Remainder of title a comparative analysis
Statement of responsibility, etc. Alex Oguso
260 ## - PUBLICATION, DISTRIBUTION, ETC. (IMPRINT)
Place of publication, distribution, etc. Nairobi
Name of publisher, distributor, etc. KIPPRA
Date of publication, distribution, etc. 2015
300 ## - PHYSICAL DESCRIPTION
Extent v, 246 pages
Other physical details color illustrations
Dimensions 25 cm
310 ## - CURRENT PUBLICATION FREQUENCY
Current publication frequency KIPPRA Discussion Paper No. 184
650 ## - SUBJECT ADDED ENTRY--TOPICAL TERM
Topical term or geographic name as entry element Roads
Topical term following geographic name as entry element Government policy
General subdivision Maintenance and repair
Geographic subdivision Kenya
942 ## - ADDED ENTRY ELEMENTS (KOHA)
Source of classification or shelving scheme Library of Congress Classification
Koha item type Special Collections
Holdings
Withdrawn status Lost status Source of classification or shelving scheme Damaged status Not for loan Home library Current library Shelving location Date acquired Total Checkouts Full call number Barcode Date last seen Copy number Price effective from Koha item type
    Library of Congress Classification     PAC UNIVERSITY PAC UNIVERSITY Special Collection 06/07/2017   Spec HE 367 .K4O38 2015 53680 06/07/2017 c.1 06/07/2017 Special Collections
    Library of Congress Classification     PAC UNIVERSITY PAC UNIVERSITY Special Collection 06/07/2017   Spec HE 367 .K4O38 2015 53681 06/07/2017 c.2 06/07/2017 Special Collections

Richard Ondeng' Library |56875-00200,Nairobi | Kenya
Tel: +254-20-2013146 / 2076894 | Mobile: 0721-932050, 0734-400694
Email: enquiries@pacuniversity.ac.ke| Website: www.pacuniversity.ac.ke
Powered by PAC University ICT Department